000 00356nam a2200133Ia 4500
008 240624s9999 xx 000 0 und d
041 _aeng
082 _a658.408 OZK
100 _aKARATAS OZKAN MINE
245 _aCORPORATE SOCIAL RESPONSIBILITY AND HUMA
260 _c2014
_aUSA
_bEdward Elgar
300 _aviii, : 334 : p. : cm. ; 23
365 _cGBP
_b30
999 _c26650
_d26650